The Elizabethan Catholic Underground : Clandestine Printing and Scribal Subversion in the English Counter-Reformation /
This is the first book-length study dedicated entirely to the clandestine print and scribal culture of members of the international Elizabethan Catholic underground, c. 1558-1603. Close studies offer fresh material textual evidence of a truly cosmopolitan, polyglot, and trans-European community of d...
مؤلفون آخرون: ,
التنسيق: كتاب الكتروني
اللغة: English
منشور في:
Leiden ; Boston :
Brill,
2025.
سلاسل:
Early Modern History and Modern History E-Books Online, Collection 2025
Library of the Written Word.
الموضوعات:
الوصول للمادة أونلاين: Login to view Source
الوسوم: إضافة وسم
رقم الطلب: BX1492
| LEADER | 02956nam a22005418i 4500 | ||
|---|---|---|---|
| 001 | BRILL9789004426412 | ||
| 003 | nllekb | ||
| 005 | 20250818030516.0 | ||
| 006 | m d | ||
| 007 | cr un uuuua | ||
| 008 | 250506s2025 gw sb 001 0 eng d | ||
| 010 | |a 2025002942 | ||
| 020 | |a 9789004426412 |q (electronic book) | ||
| 020 | |z 9789004426405 |q (print) | ||
| 024 | 7 | |a 10.1163/9789004426412 |2 DOI | |
| 035 | |z (OCoLC)1513084086 | ||
| 040 | |a NL-LeKB |c NL-LeKB |e rda | ||
| 041 | |a eng | ||
| 050 | 4 | |a BX1492 | |
| 072 | 7 | |a HBLH |2 bicssc | |
| 072 | 7 | |a HIS |x 010000 |2 bisacsh | |
| 072 | 7 | |a HIS |x 037020 |2 bisacsh | |
| 082 | 0 | 4 | |a 282/.42 |2 23 |
| 245 | 0 | 4 | |a The Elizabethan Catholic Underground : |b Clandestine Printing and Scribal Subversion in the English Counter-Reformation / |c edited by Earle Havens and Mark Rankin. |
| 246 | 3 | |a Clandestine Printing and Scribal Subversion in the English Counter-Reformation | |
| 264 | 1 | |a Leiden ; |a Boston : |b Brill, |c 2025. | |
| 264 | 4 | |c ©2025 | |
| 300 | |a 1 online resource (404 pages) : |b illustrations. | ||
| 336 | |a text |b txt |2 rdacontent | ||
| 337 | |a computer |b c |2 rdamedia | ||
| 338 | |a online resource |2 rdacarrier | ||
| 490 | 1 | |a Early Modern History and Modern History E-Books Online, Collection 2025 | |
| 490 | 1 | |a Library of the Written Word | |
| 504 | |a Includes bibliographical references and index. | ||
| 520 | |a This is the first book-length study dedicated entirely to the clandestine print and scribal culture of members of the international Elizabethan Catholic underground, c. 1558-1603. Close studies offer fresh material textual evidence of a truly cosmopolitan, polyglot, and trans-European community of domestic and exiled English Catholics, moving well beyond the British Isles to the Dutch Low Countries, France, Poland, Spain, and Italy. Explorations of book smuggling networks, clandestine printers, secret Catholic libraries, illicit scribal publications, international patronage and finance, and press censorship combine in this volume to shed new light on an otherwise shadowy, often subversive, but still relatively understudied early modern book culture. | ||
| 546 | |a English | ||
| 588 | |a Description based on print version record. | ||
| 650 | 0 | |a Catholic literature |x Publishing |z Europe |x History |y 16th century. | |
| 650 | 0 | |a Counter-Reformation |z England. | |
| 650 | 0 | |a Underground press publications |z Europe |x History |y 16th century. | |
| 700 | 1 | |a Havens, Earle, |e editor. | |
| 700 | 1 | |a Rankin, Mark, |e editor. | |
| 776 | 0 | 8 | |i Print version: |t The Elizabethan Catholic Underground : Clandestine Printing and Scribal Subversion in the English Counter-Reformation. |d Leiden ;Boston :Brill,2025. |z 9789004426405 |w (DLC) 2025002941 |
| 830 | 0 | |a Early Modern History and Modern History E-Books Online, Collection 2025 | |
| 830 | 0 | |a Library of the Written Word. | |
| 856 | 4 | |z DOI: |u http://dx.doi.org/10.1163/9789004426412 | |
| 942 | |2 lcc |c EBOOK | ||
| 999 | |c 61085 |d 61085 | ||
